| 000 | 00606nam a2200229Ia 4500 | ||
|---|---|---|---|
| 003 | OSt | ||
| 005 | 20220927105555.0 | ||
| 006 | a|||||r|||| 00| 0 | ||
| 007 | ta | ||
| 008 | 220926b |||||||| |||| 00| 0 eng d | ||
| 024 | _a187114 | ||
| 037 | _cReference Collections | ||
| 040 |
_aRTL _cRTL _beng |
||
| 041 |
_2eng _aeng |
||
| 082 | _a"X62.3.N88, M8" | ||
| 245 | 0 | _aLIOYDS Bank PIC | |
| 260 |
_aLondon _bLIOYDS Bank PIC _c1988 |
||
| 300 |
_a33p. _ccm. |
||
| 500 | _aAppendix: 12-33 P | ||
| 942 |
_h"X62.3.N88, M8" _cCC |
||
| 999 |
_c693219 _d693219 |
||